[Event "Urubuzada"]
[Site "http://www.queenalice.com/game.php?id=569310"]
[Date "2009.4.9"]
[Round "-"]
[White "Batavix"]
[Black "galaksoda"]
[Result "0-1"]
[WhiteElo "1358"]
[BlackElo "1936"]

1. e4 c5 2. Bc4 e6 3. Nc3 a6 4. e5 Nc6 5. Nf3 d6 6. exd6 Bxd6 7. Ne4 b5 8. Nxd6+
Qxd6 9. Bf1 Nf6 10. d3 O-O 11. Bg5 e5 12. h3 Nd4 13. Nxd4 exd4 14. Qf3 Re8+ 15.
Be2 Bd7 16. Bxf6 Qxf6 17. g4 Qxf3 0-1

[Event "Urubuzada 2"]
[Site "http://www.queenalice.com/game.php?id=569589"]
[Date "2009.4.9"]
[Round "-"]
[White "galaksoda"]
[Black "Batavix"]
[Result "1-0"]
[WhiteElo "1940"]
[BlackElo "1354"]

1. e4 e5 2. Nf3 d6 3. d4 exd4 4. Nxd4 Nf6 5. Nc3 Be7 6. Be2 O-O 7. O-O c5 8. Nf3
Nc6 9. Bg5 Be6 10. Re1 g6 11. a3 a6 12. Bh6 Re8 13. Ng5 Bf8 14. Bxf8 Rxf8 15.
Nxe6 fxe6 16. Bg4 Nxg4 17. Qxg4 Qf6 18. Rf1 Ne5 19. Qe2 Rf7 20. f4 Nd7 21. e5
Qh4 22. exd6 Rf5 23. Qxe6+ Kh8 24. Qxd7 Rh5 25. h3 Rd8 26. Qf7 Qg3 27. Qf6+ Kg8
28. Qxd8+ Kg7 29. Qe7+ Kh6 30. Qf8# 1-0

[Event "Põe na roda"]
[Site "http://www.queenalice.com/game.php?id=576898"]
[Date "2009.4.24"]
[Round "-"]
[White "Batavix"]
[Black "galaksoda"]
[Result "0-1"]
[WhiteElo "1373"]
[BlackElo "1942"]

1. e4 c5 2. Bc4 Nc6 3. Nf3 e6 4. Nc3 Bd6 5. d3 h6 6. Be3 a6 7. d4 b6 8. O-O Nge7
9. dxc5 Bxc5 10. Bf4 b5 11. Be3 Bxe3 12. Bxe6 dxe6 13. Qxd8+ Nxd8 14. fxe3 Ndc6
15. e5 Bb7 16. Nd4 Nxe5 17. b4 O-O 18. Nce2 Nc4 0-1

[Event "Piratas Somalis"]
[Site "http://www.queenalice.com/game.php?id=580764"]
[Date "2009.5.1"]
[Round "-"]
[White "Batavix"]
[Black "Saru"]
[Result "1-0"]
[WhiteElo "1373"]
[BlackElo "1296"]

1. e4 e5 2. f4 d6 3. Qf3 Nc6 4. Nc3 Nd4 5. Qd3 Qf6 6. Nh3 Bg4 7. Nd5 Qh4+ 8. g3
Qh5 9. Bg2 Nf6 10. Nxc7+ Kd8 11. Nxa8 Bxh3 12. g4 Qh4+ 13. Qg3 Qxg4 14. Qxg4
Bxg4 15. d3 1-0

[Event "Who´s Bad !?"]
[Site "http://www.queenalice.com/game.php?id=611733"]
[Date "2009.7.1"]
[Round "-"]
[White "Batavix"]
[Black "Rapha66"]
[Result "0-1"]
[WhiteElo "1351"]
[BlackElo "1886"]

1. e4 e5 2. Nf3 d6 3. Nc3 Bg4 4. Bc4 Bxf3 5. Qxf3 Nf6 6. d3 h6 7. a4 a6 8. O-O
Nc6 9. a5 Nd4 10. Qd1 c6 11. Be3 b5 12. axb6 Qxb6 13. Na4 Qb7 14. c3 Nb5 15. Nb6
Rb8 16. Qb3 c5 17. Rxa6 Nc7 18. Bxf7+ Kd8 19. Ra5 Qxb6 20. Qxb6 Rxb6 21. Rfa1
Rxb2 22. d4 cxd4 23. cxd4 exd4 24. Bxd4 Rb4 25. Rd1 Nxe4 26. f3 Ng5 27. Bh5 Nge6
28. Bc3 Rb5 29. Ra7 Rxh5 30. Ba5 d5 31. Re1 Bc5+ 0-1

[Event "Esqueça Paris"]
[Site "http://www.queenalice.com/game.php?id=617707"]
[Date "2009.7.12"]
[Round "-"]
[White "davidlemarseillais91"]
[Black "Batavix"]
[Result "1-0"]
[WhiteElo "1239"]
[BlackElo "1386"]

1. d4 d5 2. Bg5 Nc6 3. e3 h6 4. Bh4 g5 5. Bg3 Nf6 6. c4 Bf5 7. Nc3 e6 8. h4 Nb4
9. Rc1 g4 10. a3 Qd7 11. axb4 Bxb4 12. Be5 Bd6 13. Bxf6 1-0

[Event "Challenge"]
[Site "http://www.queenalice.com/game.php?id=1021942"]
[Date "2012.1.30"]
[Round "-"]
[White "vangogh"]
[Black "Batavix"]
[Result "0-1"]
[WhiteElo "1336"]
[BlackElo "1400"]

1. e4 e5 2. Qh5 Nf6 3. Qxe5+ Be7 4. Qg5 O-O 5. e5 Ne4 6. Qf4 Ng5 7. h4 Ne6 8.
Bc4 Nc6 9. Bxe6 dxe6 10. Nf3 b6 11. b3 Ba6 12. c4 Bb4 13. a3 Bc5 14. b4 Bd4 15.
Ra2 Bxc4 16. Rc2 Bb5 17. h5 Bxe5 18. Qg4 Bf6 19. h6 g6 20. Nc3 Qd3 21. Kd1 Nd4
22. Nxd4 Rad8 23. Rh3 Qf1# 0-1